000 00685nam a2200217 a 4500
008
020 _a0797418695 (pbk.)
049 _aMAIN
090 _aLB1707
100 1 _aChanakira, Elijah John.
245 1 0 _aElements of teacher education and the single teaching service in Zimbabwe /
_cElijah John Chanakira.
260 _aGweru :
_bChanakira,
_c1998.
300 _a127 p. ;
_c21 cm.
504 _aIncludes bibliographical references : p.117-123.
650 _aTeachers, training of
_zZimbabwe.
907 _a.b10118809
_b29-09-05
_c20-04-04
003
005 20230123133701.0
040 _cNUST
942 _cBOOKS
_kLB1707
999 _c152827
_d152827